<?xml version="1.0" encoding="UTF-8"?>
<collection xmlns="http://www.loc.gov/MARC21/slim">
  <record>
    <leader>00000nam  2200000   4500</leader>
    <controlfield tag="001">INLIS000000000001687</controlfield>
    <controlfield tag="005">20180724142835</controlfield>
    <controlfield tag="008">180724|||||||||   |   |||   |||| ||   | </controlfield>
    <datafield tag="035" ind1=" " ind2=" ">
      <subfield code="0">010-0718001687</subfield>
    </datafield>
    <datafield tag="041" ind1=" " ind2=" ">
      <subfield code="a">id</subfield>
    </datafield>
    <datafield tag="082" ind1=" " ind2=" ">
      <subfield code="a">R.031 PIM I 2016</subfield>
    </datafield>
    <datafield tag="090" ind1=" " ind2=" ">
      <subfield code="a">R.031 PIM I 2016</subfield>
    </datafield>
    <datafield tag="100" ind1=" " ind2=" ">
      <subfield code="a">Darma, Veri, Amdi</subfield>
    </datafield>
    <datafield tag="245" ind1=" " ind2=" ">
      <subfield code="a">Peningkatan Tata Kelola Aparat Pengawasan Intern Pemerintah Melalui Pengembangan Sistem Informasi Manajemen Akuntabilitas Hasil Pengawasan (SIMA HP)</subfield>
    </datafield>
    <datafield tag="260" ind1=" " ind2=" ">
      <subfield code="a">Jakartas</subfield>
      <subfield code="b">LAN Jakarta</subfield>
      <subfield code="c">2016</subfield>
    </datafield>
    <datafield tag="300" ind1=" " ind2=" ">
      <subfield code="a">22 hlm., Ilus, 30 cm</subfield>
    </datafield>
    <datafield tag="500" ind1=" " ind2=" ">
      <subfield code="a">Proyek ini merupakan upaya inovasi yang secara spesifik akan mengubah Sistem Informasi Manajemen Hasil Pengawasan (SIM HP) yang sudah dikembangkan oleh BPKP sejak tahun 2004 dan sudah dipakai oleh sekitar 183 dari 653 APIP se-Indonesia menjadi aplikasi baru (SIMA HP) yang dimaksudkan dapat memenuhi empat tuntutan.  Tuntutan tersebut adalah ideal, legal, professional, dan teknis.  Setelah dilaksanakan dengan bantuan tim efektif dari Pusat Informasi Pengawasan, proyek ini berhasil mendapatkan hal-hal yang patut dikemukakan.  Hal yang pertama adalah stakeholders dari semua kuadran berhasil dipersuasi sehingga memberi arahan dan dukungan; tujuan jangka pendek utama, yaitu menghasilkan Surat Keputusan Kepala BPKP bagi Proses Bisnis dan System Requirement Specifiation, Prosedur Baku Tata Kelola Teknologi Informasi, dan Draft Peraturan Kepala BPKP sebagai kebijakan nasional penggunaan SIMA HP sudah tercapai; bahkan mock up dashboard SIMA HP yang menjadi target jangka menengah sudah berhasil disusun.  Di jangka menengah dan jangka Panjang, upaya pemrograman dan koordinasi legal dan kelembagaan tampaknya akan menjadi amat sentral bagi penyelesaian SIMA HP dan penggunaannya secara nasional.</subfield>
    </datafield>
    <datafield tag="650" ind1=" " ind2=" ">
      <subfield code="a">Akuntabilitas</subfield>
    </datafield>
  </record>
</collection>
